US-Bundesstaaten nach Anzahl der Großstädte - Statistiken

Allgemein
  • Dieses Quiz wurde 111 mal gespielt
  • Das Durchschnittsergebnis liegt bei 5 aus 15
Antwortstatistiken
Großstädte Bundesstaat(en) % Korrekt
76 Kalifornien
100%
41 Texas
93%
22 Florida
78%
12 Arizona | Colorado
28%
6 Indiana | Missouri | New Jersey | New York | Ohio | Oregon | Tennessee
27%
0 Delaware | Maine | Vermont |West Virginia | Wyoming
26%
1 Alaska | Arkansas | Hawaii | Maryland | Mississippi | Montana | New Hampshire | North Dakota | Rhode Island | South Dakota
23%
3 Idaho | Iowa | Minnesota | New Mexico | Pennsylvania | South Carolina | Wisconsin
15%
9 Massachusetts | Washington
15%
10 North Carolina
15%
8 Georgia | Illinois
12%
5 Alabama | Connecticut | Kansas | Nevada | Utah
11%
7 Michigan | Virginia
9%
2 Kentucky | Nebraska
7%
4 Louisiana | Oklahoma
5%
Keine übereinstimmenden Quizze gefunden
Verteilung der Resultate
Anzahl Personen mit jedem Resultat
Perzentil nach korrekt beantworteten Fragen
Ihre Resultats-Entwicklung
Sie haben dieses Quiz noch nicht gespielt